书目信息 |
| 题名: |
养羊技术指导
|
|
| 作者: | 卢泰安 编著 | |
| 分册: | ||
| 出版信息: | 北京 金盾出版社 2018 |
|
| 页数: | 281页 | |
| 开本: | 19cm | |
| 丛书名: | 全国“星火计划”丛书 | |
| 单 册: | ||
| 中图分类: | S826 | |
| 科图分类: | ||
| 主题词: | 羊--yang--饲养管理 | |
| 电子资源: | ||
| ISBN: | 978-7-5082-3349-9 | |
| 000 | 00779nam0 2200265 45 | |
| 001 | 012001003173 | |
| 005 | 20191204104135.68 | |
| 010 | @a978-7-5082-3349-9@dCNY29.00 | |
| 099 | @aCAL 012011056160 | |
| 100 | @a20110407d2005 km y0chiy50 ea | |
| 101 | 0 | @achi |
| 102 | @aCN@b110000 | |
| 105 | @aafk z 000yy | |
| 106 | @ar | |
| 200 | 1 | @a养羊技术指导@Ayang yang ji shu zhi dao@f卢泰安编著 |
| 205 | @a第3次修订版 | |
| 210 | @a北京@c金盾出版社@d2018 | |
| 215 | @a281页@c图 (部分彩图)@d19cm | |
| 225 | 2 | @a全国“星火计划”丛书@Aquan guo“ xing huo ji hua” cong shu |
| 410 | 0 | @12001@@a全国星火计划丛书 |
| 606 | @a羊@Ayang@x饲养管理 | |
| 690 | @aS826@v4 | |
| 701 | 0 | @a卢泰安@Alu tai an@4编著 |
| 801 | 2 | @aCN@b北京卓展@c20191020 |
| 905 | @b1210646-9@dS826@e200=3@f4 | |
| 养羊技术指导/卢泰安编著.-第3次修订版.-北京:金盾出版社,2018 |
| 281页:图 (部分彩图);19cm.-(全国“星火计划”丛书) |
| ISBN 978-7-5082-3349-9:CNY29.00 |
| ● |
| 相关链接 |
|
|
|
|
正题名:养羊技术指导
索取号:S826/200=3
 
预约/预借
| 序号 | 登录号 | 条形码 | 馆藏地/架位号 | 状态 | 备注 |
| 1 | 1210646 | 212106460 | 第二样本阅览室/ [索取号:S826/200=3] | 在馆 | |
| 2 | 1210647 | 212106479 | 第三借阅区/ [索取号:S826/200=3] | 在馆 | |
| 3 | 1210648 | 212106488 | 第三借阅区/ [索取号:S826/200=3] | 在馆 | |
| 4 | 1210649 | 212106497 | 第三借阅区/ [索取号:S826/200=3] | 在馆 |